000
00296nam a22001217a 4500
020
_a
978-93-85485-22-0
082
_a
954/NAI
100
_a
Nair,C Gopalan
_9
83893
245
_a
The moplah rebellion 1921
260
_a
New dehli
_b
Voice of india
_c
2020
650
_a
Indian history
_9
227
942
_c
BK
999
_c
68897
_d
68897